|
|
|
|
| LEADER |
00000nas a2200000 a 4500 |
| 001 |
ssj0000627644 |
| 003 |
WaSeSS |
| 005 |
20200512172242.0 |
| 006 |
m d |
| 007 |
cr n |
| 008 |
100315c19899999mduqr p s 0 a0eng c |
| 010 |
|
|
|a 2011250691
|
| 022 |
|
|
|a 2161-6205
|y 1041-0031
|
| 035 |
|
|
|a (WaSeSS)ssj0000627644
|
| 040 |
|
|
|a OCLCE
|b eng
|c OCLCE
|d BUF
|d DLC
|d OCLCQ
|d CLU
|d OCLCQ
|d OCLCF
|d OCLCO
|d OCLCQ
|d OCLCO
|d OCLCQ
|d CUV
|d AU@
|d OCLCO
|d OCLCA
|d VT2
|d Z5A
|d LIP
|d XFH
|d WY@
|d U3W
|d UOK
|d WYU
|d LVT
|d WaSeSS
|
| 042 |
|
|
|a dlr
|a pcc
|a nsdp
|
| 050 |
|
4 |
|a Z678.85
|b .I54
|
| 070 |
1 |
|
|a Z672.I542
|
| 072 |
|
0 |
|a X200
|
| 082 |
0 |
0 |
|a 025
|2 20
|
| 130 |
0 |
|
|a Information standards quarterly (Online)
|
| 222 |
|
0 |
|a Information standards quarterly
|b (Online)
|
| 245 |
1 |
0 |
|a Information standards quarterly
|h [electronic resource] :
|b a publication of the National Information Standards Organization.
|
| 246 |
1 |
3 |
|a ISQ
|
| 260 |
|
|
|a Gaithersburg, Md. :
|b National Information Standards Organization
|
| 310 |
|
|
|a Quarterly
|
| 362 |
0 |
|
|a Vol. 1, no. 1 (Jan. 1989).
|
| 506 |
|
|
|a License restrictions may limit access.
|
| 538 |
|
|
|a Master and use copy. Digital master created according to Benchmark for Faithful Digital Reproductions of Monographs and Serials, Version 1. Digital Library Federation, December 2002.
|u http://purl.oclc.org/DLF/benchrepro0212
|5 MiAaHDL
|
| 583 |
1 |
|
|a digitized
|c 2010
|h HathiTrust Digital Library
|l committed to preserve
|5 MiAaHDL
|2 pda
|
| 588 |
|
|
|a Description based on print version record.
|
| 588 |
|
|
|a Latest issue consulted: Vol. 23, issue 1 (winter 2011) (publisher's Web site, viewed May 25, 2011).
|
| 650 |
|
0 |
|a Library science
|x Standards
|v Periodicals.
|
| 650 |
|
0 |
|a Information science
|x Standards
|v Periodicals.
|
| 650 |
|
0 |
|a Information technology
|x Standards
|v Periodicals.
|
| 650 |
|
0 |
|a Publishers and publishing
|x Standards
|v Periodicals.
|
| 650 |
|
7 |
|a Information science
|x Standards.
|2 fast
|0 (OCoLC)fst00972668
|
| 650 |
|
7 |
|a Information technology
|x Standards.
|2 fast
|0 (OCoLC)fst00973134
|
| 650 |
|
7 |
|a Library science
|x Standards.
|2 fast
|0 (OCoLC)fst00997974
|
| 650 |
|
7 |
|a Publishers and publishing
|x Standards.
|2 fast
|0 (OCoLC)fst01083507
|
| 650 |
|
2 |
|a Information Systems.
|
| 650 |
|
2 |
|a Reference Standards.
|
| 650 |
|
2 |
|a Information Systems
|v Periodicals.
|
| 650 |
|
2 |
|a Reference Standards
|v Periodicals.
|
| 655 |
|
0 |
|a Electronic journals.
|
| 710 |
2 |
|
|a National Information Standards Organization (U.S.)
|
| 776 |
0 |
8 |
|i Print version, 1989-2015:
|t Information standards quarterly
|x 1041-0031
|w (DLC) 89657004
|w (OCoLC)18606259
|
| 780 |
0 |
0 |
|t Voice of Z 39
|
| 856 |
4 |
0 |
|z Full text available from Research Library: 01/01/2008 to 07/31/2015
|u https://search.proquest.com/publication/2033474
|